| 000 | 00553nam a2200181 i 4500 | ||
|---|---|---|---|
| 001 | 98233 | ||
| 003 | ES-MaACL | ||
| 005 | 20240421063023.0 | ||
| 007 | t| | ||
| 008 | 050727s1961 sp ||||1| spa d | ||
| 100 | 1 |
_aMarrodán, Mario Ángel, _d1932-2005 _977080 |
|
| 245 | 1 | 4 |
_aLas raices del espíritu / _cMario Angel Marrodán. |
| 260 |
_aPalencia : _b[s.n.], _c1961 ( _fGráf. Diario Día) |
||
| 300 |
_a43 p. ; _c24 cm. |
||
| 852 |
_aES-MaACL _j2025-F-20 _bR.49845 |
||
| 852 |
_aES-MaACL _j2025-F-6 _bR.49685 |
||
| 999 |
_c98233 _d98233 |
||